Rio de Janeiro 360 / (Record no. 8227)

MARC details
000 -LEADER
campo de control de longitud fija 01139cam a2200289 4500
001 - NÚMERO DE CONTROL
campo de control 19202
005 - FECHA Y HORA DE LA ÚLTIMA TRANSACCIÓN
campo de control 20230404125950.0
008 - DATOS DE LONGITUD FIJA--INFORMACIÓN GENERAL
campo de control de longitud fija 060907s1997 it por
035 ## - NÚMERO DE CONTROL DEL SISTEMA
-- funglode19352
050 14 - SIGNATURA TOPOGRÁFICA DE LA BIBLIOTECA DEL CONGRESO
Número de clasificación 103 F 2646
Número de ítem L131r 1997
082 00 - NÚMERO DE LA CLASIFICACIÓN DECIMAL DEWEY
Número de clasificación 981/.53
100 1# - ENTRADA PRINCIPAL--NOMBRE DE PERSONA
Nombre de persona Lacerda, Luiz Claudio da Vinha,
Fechas asociadas al nombre 1962-
245 10 - MENCIÓN DEL TÍTULO
Título Rio de Janeiro 360 /
Mención de responsabilidad, etc. fotografias de, Luiz Claudio da Vinha Lacerda, Rogério Randolph Sverner ; introducão de, Marina Colasanti
246 10 - FORMA VARIANTE DEL TITULO
Título propio/Titulo breve Rio de Janeiro
246 3# - FORMA VARIANTE DEL TITULO
Título propio/Titulo breve Rio de Janeiro trezentos e sessenta graus
246 3# - FORMA VARIANTE DEL TITULO
Título propio/Titulo breve Rio de Janeiro three hundred and sixty degrees
260 ## - PUBLICACIÓN, DISTRIBUCIÓN, ETC.
Lugar de publicación, distribución, etc. Ivrea, Italy :
Nombre del editor, distribuidor, etc. Priuli & Verlucca, Editori,
Fecha de publicación, distribución, etc. 1997
300 ## - DESCRIPCIÓN FÍSICA
Extensión 1 v., [78 p.] :
Otras características físicas ill. (some col.) ;
Dimensiones 30 x 34 cm.
651 #0 - PUNTO DE ACCESO ADICIONAL DE MATERIA--NOMBRE GEOGRÁFICO
Nombre geográfico Rio de Janeiro (Brazil)
Subdivisión de forma Pictorial works.
651 #0 - PUNTO DE ACCESO ADICIONAL DE MATERIA--NOMBRE GEOGRÁFICO
Nombre geográfico Rio de Janeiro (Brazil)
Subdivisión general Description and travel.
650 #0 - PUNTO DE ACCESO ADICIONAL DE MATERIA--TÉRMINO DE MATERIA
Término de materia o nombre geográfico como elemento de entrada Photography, Panoramic.
651 #4 - PUNTO DE ACCESO ADICIONAL DE MATERIA--NOMBRE GEOGRÁFICO
Nombre geográfico Río de Janeiro (Brasil)
Subdivisión general Descripcíon.
651 #4 - PUNTO DE ACCESO ADICIONAL DE MATERIA--NOMBRE GEOGRÁFICO
Nombre geográfico Río de Janeiro (Brasil)
Subdivisión de forma Fotografías
651 #4 - PUNTO DE ACCESO ADICIONAL DE MATERIA--NOMBRE GEOGRÁFICO
Nombre geográfico Río de Janeiro (Brasil)
Subdivisión general Vida social y costumbres
700 1# - ENTRADA AGREGADA--NOMBRE PERSONAL
Nombre de persona Sverner, Rogério Randolph.
942 ## - ELEMENTOS DE ENTRADA SECUNDARIOS (KOHA)
Fuente del sistema de clasificación o colocación Clasificación de Library of Congress
Tipo de ítem Koha
Holdings
Estatus retirado Estado de pérdida Fuente del sistema de clasificación o colocación Estado de daño No para préstamo Colección Biblioteca de origen Biblioteca actual Ubicación en estantería Fecha de adquisición Serial enumeration / chronology Total checkouts Signatura topográfica completa Código de barras Visto por última vez Copia número Precio de reemplazo Tipo de ítem Koha
    Clasificación de Library of Congress     Recursos Regionales Biblioteca Juan Bosch Biblioteca Juan Bosch Recursos Regionales (2do. Piso) 23/10/2018 1   103 F 2646 L131r 1997 00000018356 23/10/2018 1 23/10/2018